000 00387nam a2200169Ia 4500
008 230524s9999 xx 000 0 und d
082 _a574
_bBHA
100 _aK.N.Bhatia
245 0 _aElementary Biology
250 _a1ST
260 _aJALANDHAR
_bTruman
_c2005
300 _aIX;325
500 _aQuantity Number: 2
650 _aBiomedical
700 _a M.P.Tyagi
942 _cBK
999 _c30779
_d30779